000 nam a22 7a 4500
999 _c232790
_d232790
003 Nust
005 20170223124026.0
008 170223b xxu||||| |||| 00| 0 eng d
040 _cDLC
082 _a891.4394 MUF
245 _aرام دین
_cممتا ز مفتی
260 _aLahore :
300 _a295p. :
_c25cm
942 _2ddc
_cBK